Management Enzyklopädie Das Managementwissen unserer Zeit in 6 Bänden

Saved in:
Bibliographic Details
Format: Book
Language:German
Published: München Moderne Industrie 1972
Tags: Add Tag
No Tags, Be the first to tag this record!

MARC

LEADER 00000nam a2200000 4500
001 c121317
005 20250905120846.5
041 0 |a ger 
044 |a DE 
245 1 0 |a Management Enzyklopädie  |b Das Managementwissen unserer Zeit in 6 Bänden 
264 1 |a München  |b Moderne Industrie  |c 1972 
300 |a 1143 s.